Дело по отношению президента Императорской Академии наук об окончании содействия к приобретению от барона Китлица собрания рисун...

Доступно только в Электронных читальных залах Найти на картеНа карте
RUSMARC
00004299nmc2a22000003x 450
0012dd4fa1e-bc37-4c60-ab28-2fc2aa46a55f
00520180911194409.0
100##$a20160323l18731874k l0rusy0189 ca
1010#$arus
102##$aRU
2001#$aДело по отношению президента Императорской Академии наук об окончании содействия к приобретению от барона Китлица собрания рисунков рыб
$j30 ноября 1873 г. - 4 января 1874 г.
251##$cДело
300##$aДело
300##$aОриг. заголовок дела: Дело по отношению президента Императорской Академии наук об оказании содействия к приобретению от барона Китлица собрания рисунков рыб. 30 ноября 1873 г. - 4 января 1874 г
801#0$aRU
$bРГИА
$c20160323
$gRCR
801#1$aRU
$bГлавНИВЦ
$c20160323
$2rusmarc
801#2$aRU
$bПБ им. Б.Н. Ельцина
$c20180911
$gRCR
$2rusmarc
850##$aРГИА
852##$aРГИА
$eФедеральное казенное учреждение "Российский государственный исторический архив" (РГИА)
$j547
937##$hРГИА
$d12193451
$aASBIBLIO_SCAN
462#0$1001bddc07d4-03e3-4f2f-a715-f0b0b4a2fdca
$12001
$aДела по ученым учреждениям Департамента народного просвещения за 1863-1895 гг.
$1251
$cОпись
$1852
$j142
461#0$1001a74412a3-3cc5-4d21-8f0a-dfe2fbd9e72d
$12001
$aДепартамент народного просвещения Министерства народного просвещения (1803-1917)
$1251
$cФонд
$1852
$j733
215##$a8 л.
$d36,5х26 см
371##$aДокумент не является опубликованным и широко распространяемым
105##$ay###
1222#$ad
5171#$aДело по отношению президента Императорской Академии наук об оказании содействия к приобретению от барона Китлица собрания рисунков рыб. 30 ноября 1873 г. - 4 января 1874 г
035##$a2dd4fa1e-bc37-4c60-ab28-2fc2aa46a55f
856##$uhttp://readingroom.main.prlib.ru/item.aspx?id_node=n118577206&mode=full
Формат отображения